|
|
|
|
| LEADER |
00000nam0a2200000 4500 |
| 001 |
348847 |
| 005 |
20231102010139.0 |
| 035 |
|
|
|a (RuTPU)RU\TPU\retro\702
|
| 035 |
|
|
|a RU\TPU\retro\355
|
| 090 |
|
|
|a 348847
|
| 100 |
|
|
|a 20180322d1974 k y0rusy5003 ca
|
| 101 |
0 |
|
|a rus
|
| 102 |
|
|
|a RU
|
| 105 |
|
|
|a a z 001zy
|
| 200 |
1 |
|
|a Авроральные явления - 70-II. Материалы наблюдений Полярного геофизического института за второе полугодие 1970 г.
|e [сборник]
|f Академия наук СССР (АН СССР), Кольский научный центр (КолНЦ), Полярный геофизический институт (ПГИ) ; отв. ред. Б. Е. Брюнелли
|
| 210 |
|
|
|a Апатиты
|c [Б. и.]
|d 1974
|
| 215 |
|
|
|a 157 с.
|c ил.
|
| 320 |
|
|
|a Библиогр.: с. 46
|
| 606 |
1 |
|
|a Магнитные возмущения
|2 stltpush
|3 (RuTPU)RU\TPU\subj\40808
|9 60638
|
| 606 |
1 |
|
|a Полярные сияния
|x (геофизика)
|2 stltpush
|3 (RuTPU)RU\TPU\subj\50818
|9 69452
|
| 610 |
1 |
|
|a поглощение
|
| 610 |
1 |
|
|a геомагнитные пульсации
|
| 610 |
1 |
|
|a спорадические образования
|
| 610 |
1 |
|
|a ионизация
|
| 610 |
1 |
|
|a ноосфера
|
| 610 |
1 |
|
|a магнитные поля
|
| 610 |
1 |
|
|a отражения
|
| 610 |
1 |
|
|a аскаплоты
|
| 610 |
1 |
|
|a фотометрические наблюдения
|
| 610 |
1 |
|
|a интенсивность
|
| 610 |
1 |
|
|a спектральные линии
|
| 610 |
1 |
|
|a нейтронные мониторы
|
| 610 |
1 |
|
|a радиозонды
|
| 610 |
1 |
|
|a стратосфера
|
| 610 |
1 |
|
|a сборники
|
| 675 |
|
|
|a 550.385
|z rus
|v 4
|
| 675 |
|
|
|a 550.388
|z rus
|v 4
|
| 702 |
|
1 |
|a Брюнелли
|b Б. Е.
|4 340
|
| 712 |
0 |
2 |
|a Академия наук СССР (АН СССР)
|b Кольский научный центр (КолНЦ)
|b Полярный геофизический институт (ПГИ)
|c (Мурманск)
|2 stltpush
|3 (RuTPU)RU\TPU\col\19330
|
| 801 |
|
0 |
|a RU
|b 63413507
|c 19950704
|g psbo
|
| 801 |
|
1 |
|a RU
|b 63413507
|c 20150204
|
| 801 |
|
2 |
|a RU
|b 63413507
|c 20180322
|g RCR
|
| 942 |
|
|
|c BK
|